00910nam a2200229 a 4500001001000000003000500010005001700015008004100032010001100073011001100084040000900095100004000104245016500144260004100309500006000350502009300410650002200503650002900525650002500554650003100579856007000610000109678CHAP20220329144059.0140520s2014 mx a sm |||||||spa d a106140 a107112 cCHAP1 aVicuña Mendoza, María Fernanda.10aCuestiones de vulnerabilidad y violencia hacia mujeres migrantes centroamericanas en tránsito por Méxicoh[En línea]cpor Maria Fernanda Vicuña Mendoza. aChapingo, Méx. :bEl autor,c2014. aPara ver el contenido del material haga clic en la liga aTesis (Ing. Agr. Esp. en Sociología Rural) -- UACH. Departamento de Sociología Rural14aDerechos humanos.14aMujerxDiscriminación.14aMujeres inmigrantes.14aMujeresxViolencia contra. aFinding aiduhttp://10.13.5.2/tesis/sist109678.pdfzTeclea aquí